| 000 | 00332nam a22001337a 4500 | ||
|---|---|---|---|
| 020 | _a0155197177 | ||
| 082 | _a330ECO | ||
| 245 | _aEconomies of the world today | ||
| 250 | _a3rd ed | ||
| 260 |
_aNew York _bHarcourt Brace Jovanovich _c1976 |
||
| 300 |
_aviii,180p _bill,:25cm |
||
| 650 | _aEconomies of the world today | ||
| 942 | _cBK | ||
| 999 |
_c13961 _d13961 |
||